书目信息 |
| 题名: |
最新大学英语(精读)手册
|
|
| 作者: | 王迈迈 主编 | |
| 分册: | 第1册 | |
| 出版信息: | 武汉 中国建材工业出版社 1998 |
|
| 页数: | 358页 | |
| 开本: | 20cm | |
| 丛书名: | ||
| 单 册: | ||
| 中图分类: | H31-62 | |
| 科图分类: | ||
| 主题词: | 英语--高等学校--自学参考资料 | |
| 电子资源: | ||
| ISBN: | 7-80090-749-X | |
| 000 | 00661nam0 2200205 450 | |
| 001 | 0757699158 | |
| 005 | 20070708092532.09 | |
| 010 | @a7-80090-749-X@dCNY10.00 | |
| 100 | @a20070707d1998 km y0chiy0120 ea | |
| 101 | 0 | @achi |
| 102 | @aCN@b420000 | |
| 200 | 1 | @a最新大学英语(精读)手册@Azui xin da xue ying yu(jing du)shou ce@h第1册@f王迈迈主编@Fwang mai mai zhu bian |
| 210 | @a武汉@c中国建材工业出版社@d1998@h1999 | |
| 215 | @a358页@d20cm | |
| 300 | @a2000年修本·讲解更详细 辅导更全面 | |
| 606 | 0 | @a英语@x高等学校@x自学参考资料 |
| 690 | @aH31-62@v3 | |
| 701 | 0 | @a王迈迈@Awang mai mai@4主编 |
| 801 | 0 | @aCN@bPFT@c20070708 |
| 905 | @a10447@dH31-62@e1141:1 | |
| 最新大学英语(精读)手册.第1册/王迈迈主编.-武汉:中国建材工业出版社,1998(1999) |
| 358页;20cm |
| 2000年修本·讲解更详细 辅导更全面 |
| ISBN 7-80090-749-X:CNY10.00 |
| ● |
| 相关链接 |
|
|
|
|
正题名:最新大学英语(精读)手册
索取号:H31-62/1141:1
 
预约/预借
| 序号 | 登录号 | 条形码 | 馆藏地/架位号 | 状态 | 备注 |
| 1 | 0765955 | 207659559 | 第二样本阅览室/ [索取号:H31-62/1141:1] | 在馆 |